<?xml version="1.0" encoding="UTF-8"?>
<marc:record xmlns:marc="http://www.loc.gov/MARC21/slim">
   <marc:leader>00000nam a2200000 a 4500</marc:leader>
   <marc:datafield ind1="1" ind2=" " tag="100">
      <marc:subfield code="a">Sanders, Jessica</marc:subfield>
      <marc:subfield code="4">aut</marc:subfield>
      <marc:subfield code="e">Verfasser/-in</marc:subfield>
   </marc:datafield>
   <marc:datafield ind1=" " ind2=" " tag="653">
      <marc:subfield code="a">Selbstbewustsein</marc:subfield>
   </marc:datafield>
   <marc:datafield ind1=" " ind2=" " tag="653">
      <marc:subfield code="a">Selbstliebe</marc:subfield>
   </marc:datafield>
   <marc:datafield ind1="0" ind2="0" tag="245">
      <marc:subfield code="a">Die Anleitung zur Selbstliebe: Liebe deinen Körper</marc:subfield>
   </marc:datafield>
   <marc:datafield ind1="0" ind2="0" tag="245">
      <marc:subfield code="c">Sanders, Jessica</marc:subfield>
   </marc:datafield>
   <marc:datafield ind1=" " ind2="1" tag="264">
      <marc:subfield code="a">Berlin</marc:subfield>
      <marc:subfield code="b">Zuckersüß Verlag</marc:subfield>
      <marc:subfield code="c">2020</marc:subfield>
   </marc:datafield>
   <marc:datafield ind1=" " ind2=" " tag="250">
      <marc:subfield code="a">1. Auflage</marc:subfield>
   </marc:datafield>
   <marc:datafield ind1="1" ind2=" " tag="520">
      <marc:subfield code="a">Was, wenn jedes junge Mädchen ihren Körper lieben würde?&#xD;
"Die Anleitung zur Selbstliebe: Liebe deinen Körper" ermutigt junge Mädchen und Frauen ihre Körper zu bewundern und zu feiern, für all die tollen Dinge, die man mit ihm anstellen kann!&#xD;
Das Buch gibt eine Einführung in Selbstliebe und Selbstfürsorge und zeigt und feiert ganz diverse Körpertypen. Das hilft Mädchen dabei, ihre Einzigartigkeit wertzuschätzen.&#xD;
Dieses Buch wurde für alle Mädchen geschrieben, ganz egal ob sie Signale eines negativen Körperbewusstseins senden oder nicht. Denn alle Mädchen verdienen es, die Werkzeuge und Strategien zu besitzen, mit einer Image-besessenen Welt umzugehen.</marc:subfield>
   </marc:datafield>
   <marc:datafield ind1=" " ind2=" " tag="020">
      <marc:subfield code="a">9783982137926</marc:subfield>
      <marc:subfield code="9">9783982137926</marc:subfield>
   </marc:datafield>
   <marc:datafield ind1=" " ind2=" " tag="020">
      <marc:subfield code="a">3982137926</marc:subfield>
      <marc:subfield code="9">3982137926</marc:subfield>
   </marc:datafield>
   <marc:datafield ind1=" " ind2=" " tag="041">
      <marc:subfield code="a">ger</marc:subfield>
   </marc:datafield>
   <marc:datafield ind1=" " ind2=" " tag="300">
      <marc:subfield code="b">Illustrationen</marc:subfield>
   </marc:datafield>
   <marc:datafield ind1=" " ind2=" " tag="338">
      <marc:subfield code="a">Band</marc:subfield>
   </marc:datafield>
   <marc:datafield ind1=" " ind2=" " tag="300">
      <marc:subfield code="a">40 Seiten</marc:subfield>
   </marc:datafield>
</marc:record>
